Statistiques concernant Personnages du Livre de la Jungle par images

Cliquez ici pour prendre le quiz!

Statistiques générales

  • Ce quiz a été pris 111 fois
  • Le résultat moyen est 5 sur 16

Statistiques - réponses

Réponse% Correct
Baloo
100%
Mowgli
93%
Bagheera
83%
Kaa
70%
Shere Khan
54%
Roi Louie
50%
Akela
26%
Colonel Hathi
17%
Shanti
10%
Junior
8%
Rama
8%
Winifred
6%
Flunky
3%
Buzzie
2%
Dizzie, Flaps et Ziggy
2%
Ranjan
2%

Distribution des résultats

Percentile par nombre de réponses

% des personnes avec chaque résultat

Votre développement - résultats

Vous n’avez pas pris ce quiz